Guess the Taylor Swift Song (no hints) 63 - Statistics

General Stats
  • This quiz has been taken 120 times
  • The average score is 163 of 253
Answer Stats
Answer % Correct
I
100%
a
98%
the
96%
The
96%
you
95%
You
95%
your
93%
in
92%
it
92%
on,
92%
And
91%
and
91%
be
91%
to
91%
no
90%
you're
90%
You're
90%
That
89%
that
89%
it's
88%
It's
88%
he
86%
Is
86%
like
85%
who
84%
not
82%
one
82%
don't
80%
go
80%
all
79%
at
79%
But
79%
but
79%
know
79%
love
78%
'Cause
75%
'cause
75%
was
74%
Oh,
71%
Oh
71%
up
67%
only
66%
out
65%
see
64%
his
63%
that's
58%
with
58%
With
58%
back
52%
will
52%
here
50%
knows
49%
tell
48%
baby,
46%
baby
46%
wanted
46%
face
45%
into
43%
doesn't
42%
smile
42%
smile,
42%
together
41%
anyone
40%
looking
40%
might
40%
mirror
40%
tied
40%
away
39%
true
37%
coming
36%
cry
36%
thinking
36%
Hold
34%
undone
34%
around
32%
losing
32%
beauty
28%
guess
28%
letting
28%
end
27%
golden
27%
high,
26%
jumping
26%
walk
26%
water's
26%
woah
25%
change
24%
extra
23%
giving
23%
pay
23%
pretty
23%
rain
23%
Seems
23%
penny
22%
pocket
22%
price
22%
Hoping
21%
leaves
21%
Goodbye,
14%
Oh-oh
13%
Oh-oh-oh
10%
No matching quizzes found
Score Distribution
Percent of People with Each Score
Percentile by Number Answered
Your Score History
You have not taken this quiz